000 00637nam a2200193Ia 4500
003 GCL
008 140319s9999 xx 000 0 ara d
040 _aGCL /
_cGCL
082 0 4 _a822
_bم ا
100 1 _aموللر, هانير
245 1 0 _aالية هملت هرقليس 5 /
_cموللر, هانير
700 1 _aعطية العقاد (مترجم ومقدم)
260 _a[S.N] :
_bوزارة الثقافة - مهرجان القاهرة الدولى للسينما ،
_c1993
300 _a68 ص
490 _a
650 0 4 _aالادب الامريكى
650 0 4 _aالمسرحيات الامريكية
942 _2ddc
_cBK
999 _c30811
_d30811